000 00936nam a22002417a 4500
005 20240530110440.0
008 150419s2011 ua a g b 000 0 ara d
017 _a2010/17979
_bمصر . دار الكتب المصرية
020 _a9772327988
040 _aEG-CaGPL
082 0 4 _221
_a371.33\
_bح و
100 0 _aحسين محمد احمد عبدالباسط.
245 1 0 _aوحدات التعلم الرقمية تكنولوجيا جديدة للتعلم /
_cحسين محمد احمد عبدالباسط.
250 _aط1.
260 _aالقاهرة :
_bعالم الكتب ،
_c2011.
300 _a310 ص :
_bايض ؛
_c24 سم.
504 _aيشتمل على ارجاعات ببليوجرافية
650 0 4 _aوحدات التعلم الرقمية
650 0 4 _aتكنولوجيا التعليم
650 0 4 _aالتعليم
_xانواع
942 _2ddc
_cBK
999 _c61038
_d61038